Marcas/Empresas Españolas - ¡Muerte súbita! - Estadísticas

Estadísticas generales
  • Esta prueba ha sido intentada 229 veces
    46 desde el último reinicio
  • La puntuación promedio es 9 de 12
Answers on the Grid
Answers color-coded by a green-red scale on the quiz's grid according to % correct below.
Iberia
IKEA
Zara
H&M
Movistar
Lacoste
BBVA
Nestlé
Mercadona
Nivea
Banco Santander
Dove
Bershka
Nvidia
Iberdrola
Nike
Telefónica
Adidas
Vueling
Claro
Repsol
Mercedes-Benz
Inditex
Heineken
 
Estadísticas de respuestas
Respuesta % Correcto
BBVA
85%
Iberia
85%
Telefónica
85%
Banco Santander
81%
Iberdrola
74%
Repsol
74%
Zara
74%
Inditex
70%
Mercadona
70%
Movistar
67%
Bershka
52%
Vueling
41%
No se encontraron pruebas coincidentes
Distribución de puntuación
Porcentaje de gente con cada puntuación
Porcentaje por número respondido
Historial de tus puntuaciones
No has intentado esta prueba desde el último reinicio